000 00328nam a22001457a 4500
008 221121b ||||| |||| 00| 0 eng d
020 _a9780815344667
041 _aeng
080 _2FOURTH EDITION
_a159.9
082 _a159.9PAR
100 _a25
101 _aPSI
245 _aTHE IMMUNE SYSTEM
_cPARHAM P
942 _2udc
_cBK
999 _c58984
_d58984